[Event "Aalborg Larsen Memorial"]
[Site "Aalborg"]
[Date "2014.10.19"]
[Round "7"]
[White "Andersen, Carl Johan"]
[Black "Hartung Nielsen, Jens"]
[Result "1/2-1/2"]
[WhiteElo "1916"]
[BlackElo "2216"]
[PlyCount "65"]
[EventDate "2014.10.13"]
[EventType "swiss"]
[EventRounds "7"]
[EventCountry "DEN"]
[SourceTitle "EXT 2015"]
[Source "ChessBase"]
[SourceDate "2014.11.20"]
[SourceVersion "1"]
[SourceVersionDate "2014.11.20"]
[SourceQuality "1"]

1. e4 c5 2. c3 g6 3. Nf3 Bg7 4. d4 cxd4 5. cxd4 d5 6. exd5 Nf6 7. Nc3 0-0 8. Bc4 Bg4 9. h3 Bxf3 10. Qxf3 Nbd7 11. 0-0 Nb6 12. Bb3 Qd7 13. Re1 Rac8 14. Bf4 Nc4 15. Be5 Nd2 16. Qe3 Nxb3 17. axb3 a6 18. Qf3 Ne8 19. Bxg7 Nxg7 20. Ne4 Nf5 21. Nc5 Qb5 22. Qe4 Nxd4 23. Ne6 Nxe6 24. dxe6 Qxb3 25. exf7+ Rxf7 26. Qd4 Rc2 27. Rac1 Qxb2 28. Qd8+ Rf8 29. Rxc2 Qxc2 30. Qd5+ Rf7 31. Qd8+ Kg7 32. Qd4+ Kg8 33. Qd8+ 1/2-1/2